[Event "DVM U10 2018"]
[Site "Magdeburg GER"]
[Date "2018.12.28"]
[Round "5"]
[White "Sharma, Aarush"]
[Black "Kiss, Sebastian"]
[Result "1-0"]
[Termination "normal"]
[Board "2.3"]
[WhiteElo "1239"]
[BlackElo "1238"]
[WhiteClock "00:07:22"]
[BlackClock "00:01:44"]
[WhiteTeam "Düsseldorfer SV"]
[BlackTeam "TuS Coswig"]
[PlyCount "141"]
[WhiteFideId "16238117"]
[BlackFideId "16231376"]
[EventCountry "GER"]
[EventRounds "7"]
[EventType "team-swiss"]
[EventDate "2018.12.27"]

1. e4 {[%clk 0:59:59]} e5 {[%clk 0:59:57]} 2. Nf3 {[%clk 0:59:52]} Nc6 {[%clk
0:59:53]} 3. Bc4 {[%clk 0:59:49]} Bc5 {[%clk 0:59:48]} 4. c3 {[%clk 0:59:44]}
Nf6 {[%clk 0:59:44]} 5. d4 {[%clk 0:59:42]} exd4 {[%clk 0:59:38]} 6. cxd4
{[%clk 0:59:37]} Bb4+ {[%clk 0:59:33]} 7. Bd2 {[%clk 0:59:28]} Bxd2+ {[%clk
0:59:27]} 8. Nbxd2 {[%clk 0:59:14]} d5 {[%clk 0:58:58]} 9. exd5 {[%clk
0:58:37]} Nxd5 {[%clk 0:58:50]} 10. Qb3 {[%clk 0:58:30]} Nce7 {[%clk 0:58:42]}
11. Ne5 {[%clk 0:57:42]} O-O {[%clk 0:58:03]} 12. O-O {[%clk 0:57:15]} c6
{[%clk 0:56:45]} 13. Rfe1 {[%clk 0:56:14]} Qc7 {[%clk 0:55:42]} 14. Rac1 {[%clk
0:55:27]} Bf5 {[%clk 0:54:49]} 15. Bxd5 {[%clk 0:54:20]} Nxd5 {[%clk 0:54:04]}
16. Qxd5 {[%clk 0:54:02]} Qb6 {[%clk 0:48:34]} 17. Qc4 {[%clk 0:50:21]} Qxb2
{[%clk 0:47:17]} 18. Nef3 {[%clk 0:48:37]} Qb6 {[%clk 0:45:03]} 19. Re5 {[%clk
0:47:08]} Be6 {[%clk 0:44:29]} 20. Qc2 {[%clk 0:46:22]} h6 {[%clk 0:43:28]} 21.
Ree1 {[%clk 0:45:08]} Qa5 {[%clk 0:42:29]} 22. Ne5 {[%clk 0:42:02]} Bd5 {[%clk
0:41:19]} 23. Nd7 {[%clk 0:37:35]} Rfe8 {[%clk 0:39:20]} 24. Rxe8+ {[%clk
0:36:53]} Rxe8 {[%clk 0:37:32]} 25. Ne5 {[%clk 0:35:06]} Qd8 {[%clk 0:36:31]}
26. Nef3 {[%clk 0:34:33]} Qd7 {[%clk 0:35:29]} 27. h3 {[%clk 0:33:04]} Qd6
{[%clk 0:33:41]} 28. a4 {[%clk 0:30:21]} Qf6 {[%clk 0:31:37]} 29. Rb1 {[%clk
0:25:16]} Re7 {[%clk 0:30:41]} 30. a5 {[%clk 0:24:17]} a6 {[%clk 0:30:23]} 31.
Qc3 {[%clk 0:21:54]} Qg6 {[%clk 0:29:27]} 32. Qa1 {[%clk 0:19:10]} Kh7 {[%clk
0:27:30]} 33. Re1 {[%clk 0:18:55]} Rc7 {[%clk 0:26:14]} 34. Qb1 {[%clk
0:18:20]} Qxb1 {[%clk 0:25:14]} 35. Rxb1 {[%clk 0:18:13]} f5 {[%clk 0:24:24]}
36. Kf1 {[%clk 0:17:44]} Re7 {[%clk 0:23:58]} 37. Re1 {[%clk 0:17:13]} Rc7
{[%clk 0:23:11]} 38. Ke2 {[%clk 0:17:05]} g5 {[%clk 0:22:49]} 39. Kd3 {[%clk
0:16:16]} Kg6 {[%clk 0:22:37]} 40. Kc3 {[%clk 0:15:37]} h5 {[%clk 0:20:51]} 41.
Ne5+ {[%clk 0:15:00]} Kf6 {[%clk 0:20:21]} 42. g3 {[%clk 0:14:43]} Rg7 {[%clk
0:19:08]} 43. Ndc4 {[%clk 0:13:49]} f4 {[%clk 0:15:54]} 44. gxf4 {[%clk
0:13:14]} gxf4 {[%clk 0:15:39]} 45. Nd6 {[%clk 0:13:03]} Rg2 {[%clk 0:14:17]}
46. f3 {[%clk 0:12:37]} Rg3 {[%clk 0:12:09]} 47. Ne4+ {[%clk 0:12:20]} Bxe4
{[%clk 0:11:46]} 48. Rxe4 {[%clk 0:12:04]} Kf5 {[%clk 0:11:13]} 49. Re2 {[%clk
0:11:11]} Rxh3 {[%clk 0:10:48]} 50. Rf2 {[%clk 0:11:06]} h4 {[%clk 0:10:20]}
51. Nc4 {[%clk 0:11:01]} Ke6 {[%clk 0:09:22]} 52. Kd3 {[%clk 0:10:40]} Rg3
{[%clk 0:09:07]} 53. Ke4 {[%clk 0:10:20]} h3 {[%clk 0:08:19]} 54. Rh2 {[%clk
0:10:17]} Rg7 {[%clk 0:07:17]} 55. Rxh3 {[%clk 0:09:59]} b5 {[%clk 0:05:20]}
56. axb6 {[%clk 0:09:42]} Rd7 {[%clk 0:04:58]} 57. Na5 {[%clk 0:09:16]} Rd6
{[%clk 0:04:06]} 58. b7 {[%clk 0:08:58]} Rd8 {[%clk 0:03:56]} 59. Nxc6 {[%clk
0:08:50]} a5 {[%clk 0:03:32]} 60. b8=Q Rxb8 61. Nxb8 {[%clk 0:08:28]} a4 62.
Rh2 Kd6 {[%clk 0:03:13]} 63. Ra2 {[%clk 0:08:22]} Ke6 {[%clk 0:03:08]} 64. Rxa4
{[%clk 0:08:16]} Kf6 {[%clk 0:03:05]} 65. d5 {[%clk 0:08:08]} Kg5 66. d6 {[%clk
0:08:00]} Kh4 {[%clk 0:02:45]} 67. d7 Kg3 {[%clk 0:02:16]} 68. Ra2 {[%clk
0:07:47]} Kh4 {[%clk 0:02:08]} 69. d8=Q+ {[%clk 0:07:36]} Kh5 {[%clk 0:01:55]}
70. Qg8 {[%clk 0:07:27]} Kh4 {[%clk 0:01:44]} 71. Rh2# {[%clk 0:07:22]} 1-0

[Event "DVM U10 2018"]
[Site "Magdeburg GER"]
[Date "2018.12.28"]
[Round "5"]
[White "Kullmann, Max"]
[Black "Dimitriu, Filip"]
[Result "1-0"]
[Termination "normal"]
[Board "2.4"]
[WhiteElo "1286"]
[BlackElo "600"]
[WhiteClock "00:22:17"]
[BlackClock "00:28:25"]
[WhiteTeam "TuS Coswig"]
[BlackTeam "Düsseldorfer SV"]
[PlyCount "79"]
[WhiteFideId "16218574"]
[BlackFideId "1269950"]
[EventCountry "GER"]
[EventRounds "7"]
[EventType "team-swiss"]
[EventDate "2018.12.27"]

1. e4 {[%clk 0:59:58]} c5 {[%clk 0:59:54]} 2. Nc3 {[%clk 0:59:46]} d6 {[%clk
0:59:48]} 3. Nge2 {[%clk 0:58:41]} Nf6 {[%clk 0:59:31]} 4. g3 {[%clk 0:58:26]}
Nbd7 {[%clk 0:58:31]} 5. Bg2 {[%clk 0:58:13]} Qc7 {[%clk 0:58:06]} 6. d3 {[%clk
0:57:53]} e6 {[%clk 0:57:55]} 7. O-O {[%clk 0:57:33]} Be7 {[%clk 0:57:49]} 8.
Be3 {[%clk 0:55:52]} O-O {[%clk 0:57:24]} 9. Qd2 {[%clk 0:55:34]} Rd8 {[%clk
0:55:44]} 10. f4 {[%clk 0:55:15]} Nb6 {[%clk 0:49:54]} 11. a3 {[%clk 0:54:23]}
d5 {[%clk 0:49:31]} 12. exd5 {[%clk 0:53:23]} exd5 {[%clk 0:49:07]} 13. d4
{[%clk 0:50:48]} Ng4 {[%clk 0:48:40]} 14. Rae1 {[%clk 0:45:35]} Nc4 {[%clk
0:48:25]} 15. Qd3 {[%clk 0:43:51]} Ngxe3 {[%clk 0:47:32]} 16. Rf3 {[%clk
0:42:47]} Bf5 {[%clk 0:45:02]} 17. Nxd5 {[%clk 0:41:44]} Bxd3 {[%clk 0:43:46]}
18. Nxc7 {[%clk 0:41:32]} Rac8 {[%clk 0:43:34]} 19. cxd3 {[%clk 0:41:11]} Nxg2
{[%clk 0:42:43]} 20. Kxg2 {[%clk 0:40:56]} Nd2 {[%clk 0:42:08]} 21. Re3 {[%clk
0:37:06]} Rxc7 {[%clk 0:41:33]} 22. Nc1 {[%clk 0:36:45]} Kf8 {[%clk 0:40:59]}
23. R3e2 {[%clk 0:36:21]} Rxd4 {[%clk 0:38:41]} 24. Rxd2 {[%clk 0:35:54]} Rcd7
{[%clk 0:38:02]} 25. Rde2 {[%clk 0:34:34]} c4 {[%clk 0:36:04]} 26. dxc4 {[%clk
0:33:14]} Rxc4 {[%clk 0:35:49]} 27. b4 {[%clk 0:32:07]} Rdc7 {[%clk 0:35:30]}
28. Nb3 {[%clk 0:31:15]} Rc8 {[%clk 0:34:01]} 29. Rxe7 {[%clk 0:28:27]} Rc3
{[%clk 0:33:34]} 30. Nc5 {[%clk 0:28:04]} Rc2+ {[%clk 0:33:13]} 31. Kh3 {[%clk
0:27:46]} g6 {[%clk 0:32:54]} 32. Rxb7 {[%clk 0:26:55]} Rd8 {[%clk 0:32:37]}
33. Ree7 {[%clk 0:25:48]} Rdd2 {[%clk 0:31:09]} 34. Rxf7+ {[%clk 0:24:18]} Kg8
{[%clk 0:30:56]} 35. Ne6 {[%clk 0:23:03]} Rxh2+ {[%clk 0:30:01]} 36. Kg4 {[%clk
0:22:52]} h5+ {[%clk 0:29:38]} 37. Kg5 {[%clk 0:22:42]} h4 {[%clk 0:28:54]} 38.
Rg7+ {[%clk 0:22:27]} Kh8 {[%clk 0:28:37]} 39. Rb8+ {[%clk 0:22:17]} Rc8 {[%clk
0:28:25]} 40. Rxc8# 1-0

[Event "DVM U10 2018"]
[Site "Magdeburg GER"]
[Date "2018.12.29"]
[Round "6"]
[White "von Mettenheim, Johannes"]
[Black "Klaska, Philipp Leon"]
[Result "1-0"]
[Termination "normal"]
[Board "1.1"]
[WhiteElo "1689"]
[BlackElo "1398"]
[WhiteClock "00:27:26"]
[BlackClock "00:00:40"]
[WhiteTeam "Schachzentrum Bemerode"]
[BlackTeam "Düsseldorfer SV"]
[PlyCount "85"]
[WhiteFideId "16244818"]
[BlackFideId "16238044"]
[EventCountry "GER"]
[EventRounds "7"]
[EventType "team-swiss"]
[EventDate "2018.12.27"]

1. d4 {[%clk 0:59:58]} d5 {[%clk 0:59:57]} 2. c4 {[%clk 0:59:54]} e6 {[%clk
0:59:54]} 3. Nc3 {[%clk 0:59:50]} Nf6 {[%clk 0:59:47]} 4. Bg5 {[%clk 0:59:45]}
Be7 {[%clk 0:59:38]} 5. e3 {[%clk 0:59:41]} h6 {[%clk 0:59:31]} 6. Bh4 {[%clk
0:59:35]} O-O {[%clk 0:59:22]} 7. Nf3 {[%clk 0:59:31]} Nbd7 {[%clk 0:58:58]} 8.
Rc1 {[%clk 0:59:22]} b6 {[%clk 0:58:33]} 9. Bd3 {[%clk 0:57:28]} dxc4 {[%clk
0:58:19]} 10. Bxc4 {[%clk 0:57:23]} Bb7 {[%clk 0:58:09]} 11. O-O {[%clk
0:56:20]} Ne4 {[%clk 0:57:15]} 12. Bxe7 {[%clk 0:56:13]} Qxe7 {[%clk 0:57:13]}
13. Nd2 {[%clk 0:55:32]} Nxd2 {[%clk 0:54:10]} 14. Qxd2 {[%clk 0:55:27]} c5
{[%clk 0:53:54]} 15. e4 {[%clk 0:51:59]} cxd4 {[%clk 0:52:54]} 16. Qxd4 {[%clk
0:51:53]} Rfd8 {[%clk 0:52:08]} 17. Qe3 {[%clk 0:51:09]} Rac8 {[%clk 0:50:53]}
18. Be2 {[%clk 0:50:32]} Nf6 {[%clk 0:44:51]} 19. a3 {[%clk 0:45:52]} Qc5
{[%clk 0:42:43]} 20. Qxc5 {[%clk 0:44:39]} Rxc5 {[%clk 0:42:33]} 21. b4 {[%clk
0:44:13]} Rcc8 {[%clk 0:41:24]} 22. e5 {[%clk 0:43:40]} Nd5 {[%clk 0:40:10]}
23. Nxd5 {[%clk 0:39:13]} Bxd5 {[%clk 0:38:34]} 24. Ba6 {[%clk 0:39:06]} Rxc1
{[%clk 0:37:05]} 25. Rxc1 {[%clk 0:39:01]} Rd7 {[%clk 0:34:41]} 26. f3 {[%clk
0:33:18]} Bb7 {[%clk 0:33:35]} 27. Bxb7 {[%clk 0:32:59]} Rxb7 {[%clk 0:33:29]}
28. b5 {[%clk 0:32:54]} Kf8 {[%clk 0:32:54]} 29. Kf2 {[%clk 0:32:44]} Ke7
{[%clk 0:31:28]} 30. Ke3 {[%clk 0:32:26]} f6 {[%clk 0:30:57]} 31. f4 {[%clk
0:32:21]} g5 {[%clk 0:29:08]} 32. g3 {[%clk 0:31:48]} Rd7 {[%clk 0:25:12]} 33.
a4 {[%clk 0:29:57]} Kf7 {[%clk 0:22:37]} 34. Rc6 {[%clk 0:29:16]} Ke7 {[%clk
0:12:44]} 35. f5 {[%clk 0:28:47]} exf5 {[%clk 0:06:39]} 36. Rxf6 {[%clk
0:28:40]} f4+ {[%clk 0:05:13]} 37. gxf4 {[%clk 0:28:31]} gxf4+ {[%clk 0:05:08]}
38. Rxf4 {[%clk 0:28:14]} Ke6 {[%clk 0:00:53]} 39. Ke4 {[%clk 0:28:11]} Rh7
{[%clk 0:00:51]} 40. Rf6+ {[%clk 0:27:56]} Ke7 {[%clk 0:00:49]} 41. Rc6 {[%clk
0:27:38]} Kd7 {[%clk 0:00:42]} 42. e6+ {[%clk 0:27:26]} Ke8 {[%clk 0:00:40]}
43. Rc8+ 1-0

[Event "DVM U10 2018"]
[Site "Magdeburg GER"]
[Date "2018.12.29"]
[Round "6"]
[White "Elgeti, Jonas"]
[Black "Sharma, Aarush"]
[Result "1-0"]
[Termination "normal"]
[Board "1.3"]
[WhiteElo "1234"]
[BlackElo "1239"]
[WhiteClock "00:01:30"]
[BlackClock "00:03:24"]
[WhiteTeam "Schachzentrum Bemerode"]
[BlackTeam "Düsseldorfer SV"]
[PlyCount "187"]
[BlackFideId "16238117"]
[EventCountry "GER"]
[EventRounds "7"]
[EventType "team-swiss"]
[EventDate "2018.12.27"]

1. d4 {[%clk 0:59:58]} d5 {[%clk 0:59:55]} 2. c4 {[%clk 0:59:54]} e6 {[%clk
0:59:49]} 3. Nc3 {[%clk 0:59:48]} Nf6 {[%clk 0:59:45]} 4. Nf3 {[%clk 0:59:37]}
Be7 {[%clk 0:59:40]} 5. Bf4 {[%clk 0:59:26]} O-O {[%clk 0:58:42]} 6. e3 {[%clk
0:58:59]} b6 {[%clk 0:58:35]} 7. Bd3 {[%clk 0:57:53]} dxc4 {[%clk 0:58:27]} 8.
Bxc4 {[%clk 0:57:41]} Bb7 {[%clk 0:58:25]} 9. O-O {[%clk 0:55:09]} c5 {[%clk
0:55:55]} 10. Ne5 {[%clk 0:52:22]} Nbd7 {[%clk 0:54:34]} 11. Nxd7 {[%clk
0:50:08]} Qxd7 {[%clk 0:54:24]} 12. dxc5 {[%clk 0:49:15]} Qc6 {[%clk 0:52:23]}
13. f3 {[%clk 0:47:37]} Bxc5 {[%clk 0:51:01]} 14. Bb5 {[%clk 0:45:17]} Qc8
{[%clk 0:49:35]} 15. Kh1 {[%clk 0:43:54]} h6 {[%clk 0:48:05]} 16. Qe2 {[%clk
0:41:47]} Rd8 {[%clk 0:45:46]} 17. Rfd1 {[%clk 0:40:56]} Rxd1+ {[%clk 0:45:02]}
18. Rxd1 {[%clk 0:40:46]} Nd5 {[%clk 0:43:39]} 19. Nxd5 {[%clk 0:40:04]} Bxd5
{[%clk 0:43:19]} 20. Bc4 {[%clk 0:38:37]} Bxc4 {[%clk 0:40:38]} 21. Qxc4 {[%clk
0:38:26]} Qe8 {[%clk 0:39:53]} 22. b4 {[%clk 0:33:39]} Be7 {[%clk 0:39:15]} 23.
h3 {[%clk 0:32:26]} Rc8 {[%clk 0:37:32]} 24. Qb3 {[%clk 0:28:49]} Qb5 {[%clk
0:35:02]} 25. a3 {[%clk 0:27:22]} Qe2 {[%clk 0:32:41]} 26. Qd3 {[%clk 0:25:48]}
Qf2 {[%clk 0:29:46]} 27. Qd2 {[%clk 0:22:41]} Qxd2 {[%clk 0:27:25]} 28. Rxd2
{[%clk 0:22:33]} Rc1+ {[%clk 0:27:23]} 29. Kh2 {[%clk 0:22:04]} Ra1 {[%clk
0:27:21]} 30. Rd7 {[%clk 0:21:50]} Bf6 {[%clk 0:26:41]} 31. Rxa7 {[%clk
0:21:18]} Bb2 {[%clk 0:25:02]} 32. a4 {[%clk 0:19:55]} Bc3 {[%clk 0:24:28]} 33.
b5 {[%clk 0:19:08]} e5 {[%clk 0:23:26]} 34. Bg3 {[%clk 0:18:40]} f6 {[%clk
0:23:15]} 35. e4 {[%clk 0:18:17]} Bd4 {[%clk 0:22:29]} 36. h4 {[%clk 0:16:34]}
h5 {[%clk 0:21:46]} 37. Ra6 {[%clk 0:15:58]} Bg1+ {[%clk 0:20:49]} 38. Kh3
{[%clk 0:15:37]} Bc5 {[%clk 0:20:30]} 39. Kh2 {[%clk 0:15:27]} Bg1+ {[%clk
0:18:11]} 40. Kh3 {[%clk 0:15:17]} Bd4 {[%clk 0:17:53]} 41. Kh2 {[%clk
0:15:08]} Kh7 {[%clk 0:16:49]} 42. Ra7 {[%clk 0:14:35]} Kh6 {[%clk 0:16:40]}
43. Ra8 {[%clk 0:13:48]} g6 {[%clk 0:14:55]} 44. Rh8+ {[%clk 0:12:31]} Kg7
{[%clk 0:14:30]} 45. Ra8 {[%clk 0:12:22]} g5 {[%clk 0:13:32]} 46. hxg5 {[%clk
0:10:00]} fxg5 {[%clk 0:12:59]} 47. Kh3 {[%clk 0:08:48]} Rh1+ {[%clk 0:12:38]}
48. Bh2 {[%clk 0:08:36]} Bg1 {[%clk 0:12:22]} 49. Ra7+ {[%clk 0:07:30]} Kf6
{[%clk 0:11:37]} 50. Rc7 {[%clk 0:06:02]} Bxh2 {[%clk 0:10:50]} 51. Rc6+ {[%clk
0:04:53]} Ke7 {[%clk 0:10:21]} 52. g3 {[%clk 0:04:44]} Bxg3+ {[%clk 0:08:12]}
53. Kxg3 {[%clk 0:04:40]} h4+ {[%clk 0:07:22]} 54. Kg2 {[%clk 0:04:28]} Ra1
{[%clk 0:06:50]} 55. Rxb6 {[%clk 0:04:20]} Rxa4 {[%clk 0:06:30]} 56. Rg6 {[%clk
0:03:59]} Ra2+ {[%clk 0:05:43]} 57. Kh3 {[%clk 0:03:51]} Rb2 {[%clk 0:05:35]}
58. Rxg5 {[%clk 0:03:44]} Rxb5 {[%clk 0:05:24]} 59. Kxh4 {[%clk 0:03:38]} Kf6
{[%clk 0:05:14]} 60. Kh5 {[%clk 0:03:26]} Rb3 {[%clk 0:05:05]} 61. Rg6+ {[%clk
0:03:18]} Kf7 {[%clk 0:05:00]} 62. Rg3 {[%clk 0:03:09]} Kf6 {[%clk 0:04:58]}
63. Kg4 {[%clk 0:02:54]} Ke6 {[%clk 0:04:56]} 64. Rh3 {[%clk 0:02:53]} Kf6
{[%clk 0:04:53]} 65. Rh6+ {[%clk 0:02:51]} Kg7 {[%clk 0:04:50]} 66. Re6 {[%clk
0:02:48]} Kf7 {[%clk 0:04:47]} 67. Kf5 {[%clk 0:02:46]} Rxf3+ {[%clk 0:04:45]}
68. Kxe5 {[%clk 0:02:45]} Rg3 {[%clk 0:04:38]} 69. Rf6+ {[%clk 0:02:41]} Ke7
{[%clk 0:04:37]} 70. Rf5 {[%clk 0:02:35]} Rg4 {[%clk 0:04:35]} 71. Kd5 {[%clk
0:02:32]} Rh4 {[%clk 0:04:27]} 72. e5 {[%clk 0:02:28]} Rh1 {[%clk 0:04:26]} 73.
Rf6 {[%clk 0:02:19]} Re1 {[%clk 0:04:22]} 74. Re6+ {[%clk 0:02:11]} Kd7 {[%clk
0:04:20]} 75. Rd6+ {[%clk 0:02:08]} Ke7 {[%clk 0:04:19]} 76. Rc6 {[%clk
0:01:53]} Rd1+ {[%clk 0:04:17]} 77. Ke4 {[%clk 0:01:51]} Re1+ {[%clk 0:04:16]}
78. Kf5 {[%clk 0:01:50]} Rf1+ {[%clk 0:04:15]} 79. Ke4 {[%clk 0:01:49]} Re1+
{[%clk 0:04:09]} 80. Kd5 {[%clk 0:01:48]} Rd1+ {[%clk 0:04:03]} 81. Ke4 {[%clk
0:01:46]} Kd7 {[%clk 0:03:54]} 82. Rd6+ {[%clk 0:01:43]} Ke7 {[%clk 0:03:50]}
83. Rxd1 {[%clk 0:01:41]} Ke6 {[%clk 0:03:49]} 84. Rd6+ {[%clk 0:01:40]} Ke7
{[%clk 0:03:49]} 85. Kf5 {[%clk 0:01:38]} Kf7 {[%clk 0:03:46]} 86. Rd7+ {[%clk
0:01:36]} Ke8 {[%clk 0:03:44]} 87. Ra7 {[%clk 0:01:36]} Kd8 {[%clk 0:03:39]}
88. Ke6 {[%clk 0:01:35]} Kc8 {[%clk 0:03:37]} 89. Rg7 {[%clk 0:01:33]} Kd8
{[%clk 0:03:34]} 90. Rh7 {[%clk 0:01:33]} Kc8 91. Kd6 Kb8 {[%clk 0:03:29]} 92.
Kc6 {[%clk 0:01:32]} Ka8 {[%clk 0:03:25]} 93. Kb6 {[%clk 0:01:30]} Kb8 {[%clk
0:03:24]} 94. Rh8# *

[Event "DVM U10 2018"]
[Site "Magdeburg GER"]
[Date "2018.12.29"]
[Round "6"]
[White "Dimitriu, Filip"]
[Black "Strübel, Tobias"]
[Result "0-1"]
[Termination "normal"]
[Board "1.4"]
[WhiteElo "600"]
[BlackElo "1317"]
[WhiteClock "00:11:16"]
[BlackClock "00:38:44"]
[WhiteTeam "Düsseldorfer SV"]
[BlackTeam "Schachzentrum Bemerode"]
[PlyCount "104"]
[WhiteFideId "1269950"]
[BlackFideId "16284860"]
[EventCountry "GER"]
[EventRounds "7"]
[EventType "team-swiss"]
[EventDate "2018.12.27"]

1. d4 {[%clk 0:59:58]} d5 {[%clk 0:59:54]} 2. e3 {[%clk 0:59:53]} Bf5 {[%clk
0:59:47]} 3. c4 {[%clk 0:59:45]} e6 {[%clk 0:59:35]} 4. Nc3 {[%clk 0:59:31]}
Nf6 {[%clk 0:59:21]} 5. Nf3 {[%clk 0:58:55]} c5 {[%clk 0:58:27]} 6. Be2 {[%clk
0:58:30]} Nc6 {[%clk 0:57:26]} 7. O-O {[%clk 0:57:56]} Be7 {[%clk 0:56:19]} 8.
a3 {[%clk 0:56:48]} O-O {[%clk 0:55:42]} 9. Bd2 {[%clk 0:56:22]} dxc4 {[%clk
0:55:01]} 10. Bxc4 {[%clk 0:55:58]} cxd4 {[%clk 0:54:41]} 11. exd4 {[%clk
0:55:10]} Nxd4 {[%clk 0:54:18]} 12. Be3 {[%clk 0:50:46]} Nxf3+ {[%clk 0:53:54]}
13. Qxf3 {[%clk 0:49:40]} Qc7 {[%clk 0:53:18]} 14. Qe2 {[%clk 0:42:24]} Bd6
{[%clk 0:52:22]} 15. Rfd1 {[%clk 0:40:11]} Bxh2+ {[%clk 0:52:02]} 16. Kh1
{[%clk 0:39:53]} Ng4 {[%clk 0:51:10]} 17. Bd3 {[%clk 0:37:20]} Nxe3 {[%clk
0:50:16]} 18. Qxe3 {[%clk 0:37:06]} Bxd3 {[%clk 0:49:56]} 19. Rxd3 {[%clk
0:36:57]} Bf4 {[%clk 0:49:23]} 20. Qf3 {[%clk 0:35:33]} Rad8 {[%clk 0:48:39]}
21. Rad1 {[%clk 0:35:08]} Rxd3 {[%clk 0:48:17]} 22. Rxd3 {[%clk 0:34:58]} Qe5
{[%clk 0:47:54]} 23. g3 {[%clk 0:34:27]} Bh6 {[%clk 0:47:22]} 24. Qe2 {[%clk
0:33:08]} Qxe2 {[%clk 0:47:04]} 25. Nxe2 {[%clk 0:30:10]} g6 {[%clk 0:46:53]}
26. Rb3 {[%clk 0:29:49]} Rb8 {[%clk 0:46:39]} 27. Nd4 {[%clk 0:29:17]} b6
{[%clk 0:45:56]} 28. Nc6 {[%clk 0:28:55]} Rb7 {[%clk 0:45:36]} 29. Na5 {[%clk
0:27:56]} Rc7 {[%clk 0:45:25]} 30. Rb5 {[%clk 0:27:03]} bxa5 {[%clk 0:45:16]}
31. Rxa5 {[%clk 0:26:41]} Bd2 {[%clk 0:44:34]} 32. Rb5 {[%clk 0:26:17]} a5
{[%clk 0:44:05]} 33. b4 {[%clk 0:26:08]} axb4 {[%clk 0:43:58]} 34. axb4 {[%clk
0:25:59]} Rc1+ {[%clk 0:43:40]} 35. Kg2 {[%clk 0:25:54]} Rb1 {[%clk 0:43:31]}
36. Rb8+ {[%clk 0:25:47]} Kg7 {[%clk 0:43:22]} 37. b5 {[%clk 0:25:39]} Ba5
{[%clk 0:43:14]} 38. Kf3 {[%clk 0:25:22]} f5 {[%clk 0:42:32]} 39. Ke3 {[%clk
0:25:09]} e5 {[%clk 0:42:13]} 40. Kd3 {[%clk 0:24:46]} Rb4 {[%clk 0:42:01]} 41.
g4 {[%clk 0:23:55]} fxg4 {[%clk 0:41:42]} 42. Rb7+ {[%clk 0:23:44]} Kh6 {[%clk
0:41:31]} 43. Ke3 {[%clk 0:21:23]} g5 {[%clk 0:40:57]} 44. f3 {[%clk 0:20:36]}
g3 {[%clk 0:40:35]} 45. f4 {[%clk 0:14:10]} gxf4+ {[%clk 0:40:20]} 46. Kf3
{[%clk 0:13:55]} e4+ {[%clk 0:40:06]} 47. Kg2 {[%clk 0:13:35]} Rb2+ {[%clk
0:39:54]} 48. Kf1 {[%clk 0:13:20]} f3 {[%clk 0:39:35]} 49. Ra7 {[%clk 0:12:31]}
Rxb5 {[%clk 0:39:23]} 50. Ra6+ {[%clk 0:12:24]} Bb6 {[%clk 0:39:14]} 51. Ra1
{[%clk 0:11:46]} e3 {[%clk 0:38:44]} 52. Ra2 {[%clk 0:11:16]} Rb1# 0-1

[Event "DVM U10 2018"]
[Site "Magdeburg GER"]
[Date "2018.12.29"]
[Round "6"]
[White "Arora, Abhiraaj"]
[Black "Krüger, Arthur"]
[Result "0-1"]
[Termination "normal"]
[Board "2.1"]
[WhiteElo "1404"]
[BlackElo "1601"]
[WhiteClock "00:09:21"]
[BlackClock "00:04:52"]
[WhiteTeam "SC Erlangen"]
[BlackTeam "Hamburger SK"]
[PlyCount "138"]
[WhiteFideId "25611054"]
[BlackFideId "16244966"]
[EventCountry "GER"]
[EventRounds "7"]
[EventType "team-swiss"]
[EventDate "2018.12.27"]

1. e4 {[%clk 0:59:58]} e5 {[%clk 0:59:55]} 2. Nf3 {[%clk 0:59:55]} Nc6 {[%clk
0:59:51]} 3. Bc4 {[%clk 0:59:51]} Bc5 {[%clk 0:59:44]} 4. Nc3 {[%clk 0:59:43]}
Nf6 {[%clk 0:59:22]} 5. O-O {[%clk 0:59:36]} O-O {[%clk 0:58:57]} 6. d3 {[%clk
0:59:29]} h6 {[%clk 0:58:36]} 7. Be3 {[%clk 0:59:12]} Bxe3 {[%clk 0:57:48]} 8.
fxe3 {[%clk 0:58:59]} d6 {[%clk 0:57:05]} 9. h3 {[%clk 0:58:22]} Na5 {[%clk
0:55:53]} 10. Bb3 {[%clk 0:57:38]} Nxb3 {[%clk 0:55:20]} 11. axb3 {[%clk
0:57:30]} c6 {[%clk 0:53:02]} 12. d4 {[%clk 0:56:59]} Qe7 {[%clk 0:50:28]} 13.
Qe1 {[%clk 0:55:10]} Re8 {[%clk 0:48:01]} 14. Nd2 {[%clk 0:53:49]} Bd7 {[%clk
0:40:26]} 15. Qg3 {[%clk 0:51:42]} Kh8 {[%clk 0:36:37]} 16. dxe5 {[%clk
0:43:09]} Qxe5 {[%clk 0:34:25]} 17. Qxe5 {[%clk 0:42:29]} dxe5 {[%clk 0:28:32]}
18. Nc4 {[%clk 0:40:56]} Re7 {[%clk 0:24:31]} 19. Nb6 {[%clk 0:38:09]} Rb8
{[%clk 0:21:10]} 20. Nxd7 {[%clk 0:36:27]} Rxd7 {[%clk 0:20:34]} 21. Rxa7
{[%clk 0:35:20]} Kg8 {[%clk 0:17:55]} 22. Raa1 {[%clk 0:33:39]} Kf8 {[%clk
0:17:18]} 23. Rad1 {[%clk 0:33:23]} Rbd8 {[%clk 0:16:34]} 24. Rxd7 {[%clk
0:33:02]} Rxd7 {[%clk 0:16:27]} 25. Rd1 {[%clk 0:32:45]} Rxd1+ {[%clk 0:16:17]}
26. Nxd1 {[%clk 0:32:37]} Nxe4 {[%clk 0:16:13]} 27. Nf2 {[%clk 0:31:47]} Nxf2
{[%clk 0:14:56]} 28. Kxf2 {[%clk 0:31:42]} Ke7 {[%clk 0:14:35]} 29. b4 {[%clk
0:30:20]} Kd6 {[%clk 0:13:33]} 30. e4 {[%clk 0:30:05]} c5 {[%clk 0:12:36]} 31.
bxc5+ {[%clk 0:29:35]} Kxc5 {[%clk 0:12:29]} 32. Ke3 {[%clk 0:29:09]} g6 {[%clk
0:11:56]} 33. g4 {[%clk 0:28:41]} Kc4 {[%clk 0:11:07]} 34. h4 {[%clk 0:27:24]}
g5 {[%clk 0:10:22]} 35. hxg5 {[%clk 0:26:14]} hxg5 {[%clk 0:10:16]} 36. Kf2
{[%clk 0:21:15]} Kd4 {[%clk 0:09:59]} 37. Kf3 {[%clk 0:21:05]} f6 {[%clk
0:09:48]} 38. b4 {[%clk 0:18:30]} b5 {[%clk 0:09:05]} 39. c4 {[%clk 0:15:26]}
Kxc4 {[%clk 0:08:44]} 40. Ke3 {[%clk 0:15:09]} Kxb4 {[%clk 0:08:35]} 41. Kd3
{[%clk 0:14:59]} Kc5 {[%clk 0:08:27]} 42. Kc3 {[%clk 0:14:33]} b4+ {[%clk
0:08:22]} 43. Kb3 {[%clk 0:14:20]} Kd4 {[%clk 0:08:17]} 44. Kxb4 {[%clk
0:14:11]} Kxe4 {[%clk 0:08:12]} 45. Kc3 {[%clk 0:14:03]} Kf4 {[%clk 0:08:07]}
46. Kd2 {[%clk 0:13:58]} Kxg4 {[%clk 0:08:02]} 47. Ke3 {[%clk 0:13:51]} f5
{[%clk 0:07:58]} 48. Ke2 {[%clk 0:13:45]} f4 {[%clk 0:07:47]} 49. Kf2 {[%clk
0:13:40]} e4 {[%clk 0:07:43]} 50. Ke2 {[%clk 0:13:33]} e3 {[%clk 0:07:34]} 51.
Kf1 {[%clk 0:13:24]} Kg3 {[%clk 0:07:25]} 52. Ke1 {[%clk 0:13:03]} Kg2 {[%clk
0:07:14]} 53. Ke2 {[%clk 0:12:50]} f3+ {[%clk 0:07:07]} 54. Kxe3 {[%clk
0:12:39]} f2 {[%clk 0:07:02]} 55. Ke4 {[%clk 0:12:30]} f1=Q {[%clk 0:06:52]}
56. Ke5 {[%clk 0:12:04]} Qf4+ {[%clk 0:06:39]} 57. Kd5 {[%clk 0:11:55]} Qe3
{[%clk 0:06:32]} 58. Kd6 {[%clk 0:11:46]} Qe4 {[%clk 0:06:14]} 59. Kc5 {[%clk
0:11:34]} Qd3 {[%clk 0:06:05]} 60. Kc6 {[%clk 0:11:19]} Qd4 {[%clk 0:05:58]}
61. Kb5 {[%clk 0:10:44]} Qc3 {[%clk 0:05:47]} 62. Kb6 {[%clk 0:10:32]} Qc4
{[%clk 0:05:36]} 63. Kb7 {[%clk 0:10:23]} Qc5 {[%clk 0:05:27]} 64. Kb8 {[%clk
0:10:05]} Qe7 {[%clk 0:05:21]} 65. Ka8 {[%clk 0:09:59]} Kf3 {[%clk 0:05:15]}
66. Kb8 {[%clk 0:09:52]} Ke4 {[%clk 0:05:11]} 67. Ka8 {[%clk 0:09:36]} Kd5
{[%clk 0:05:02]} 68. Kb8 {[%clk 0:09:27]} Kc6 {[%clk 0:04:57]} 69. Ka8 {[%clk
0:09:21]} Qb7# {[%clk 0:04:52]} 0-1